Luces y sombras de la reforma penal y procesal penal en Iberoamřica

Detalles Bibliográficos
Autor principal: Medina Cuenca, Arnel
Formato: eBook
Lenguaje:español
Publicado: La Habana: Unin̤ Nacional de Juristas de Cuba, 2017
Materias:
Acceso en línea:Acceso restringido

MARC

LEADER 00000nam a22000007a 4500
005 2018042400370.0
007 cr|||| ||||
008 180424s2017 cu |||||s|||| 00||0 spa d
020 |a 978-959-7219-49-1 
035 |a 21474 
040 |a vLex 
090 |c 7816  |d 7816 
100 1 |a Medina Cuenca, Arnel 
245 1 0 |a Luces y sombras de la reforma penal y procesal penal en Iberoamřica  |h [Recurso electrn̤ico] /  |c Arnel Medina Cuenca 
256 |a Servicio en ln̕ea 
260 |a La Habana:  |b Unin̤ Nacional de Juristas de Cuba,  |c 2017 
300 |a 1 recurso electrn̤ico 
500 |a Una caracters̕tica importante del proceso de reforma, como desarrollo de una determinada polt̕ica pb︢lica, es que ha tenido capacidad de ir realizando evaluaciones, ms̀ o menos profundas, segn︢ cada pas̕, pero en todo caso proveedoras de informacin̤ empr̕ica sobre la marcha de los procesos de implementacin̤ de la reforma integral. Frente al facilismo de cantar victoria o proclamar fracasos, lo destacable de la gran mayora̕ de esas evaluaciones ha sido que ellas seąlaban problemas precisos en los que la reforma de la justicia penal no daba todava̕ los resultados esperados o marcaba nuevas y ms̀ profundas dificultades. An︢ ms̀: mostraba una tendencia a lo que desde entonces se llama la reconfiguracin̤ inquisitorial del sistema acusatorio, es decir, que el sistema en sus variables principales tenda̕ a funcionar del mismo modo que antes. Esto por supuesto no de un modo completo, pero lo suficientemente grave como para generar una nueva batera̕ de medias de intervencin̤. Se toma conciencia, pues, que la accin̤ de los operadores, a travš de prc̀ticas concretas, a veces meramente burocrt̀icas o aparentemente inocentes, lograban que el nuevo sistema de justicia penal, a pesar de las nuevas reglas, funcionara, en los hechos, de un modo bastante cercano a lo que se quera̕ abandonar, es decir, escriturismo, lentitud, selectividad no orientada por la planificacin̤, as ̕como los grandes objetivos de oralidad y publicidad de los juicios se vea̕n opacados por las suspensiones de las audiencias, la incorporacin̤ de prueba escrita, la continuacin̤ del papel activo de los jueces supliendo a las partes, la falta de litigio adversarial, etc. A todo ese conjunto de problemas se comienza a denominarlo “reconfiguracin̤ inquisitorial de los sistemas acusatorios” y constituye un problema al que se le comienzan a buscar soluciones. 
506 1 |a Disponible solo en los productos indicados  |d vLex Global  |d vLex Global (Academic Edition, excluding Law Schools)  |d vLex Global (U.S. Academic Edition, Law Schools)  |d vLex Global (U.S. Academic Edition, excluding Law Schools)  |d vLex Global (Academic Edition, Law Schools) 
650 0 4 |a Derecho Penal  |z Cuba 
650 0 4 |a Derecho Procesal  |z Cuba 
650 0 4 |a Procedimiento Penal  |z Cuba 
740 0 |a vLex Libros (Servicio en ln̕ea) 
856 4 0 |u http://vlex.com/source/luces-y-sombras-de-la-reforma-penal-y-procesal-penal-en-iberoamerica-21474  |z Acceso restringido 
942 |c BOOK 
999 0 |a Criminal Law 
999 0 |a Procedural Law 
999 0 |a Criminal Procedure